Statistics for Everton FC Squad 2016-2017

Click here to take the quiz!

General Stats

  • This quiz has been taken 408 times
  • The average score is 21 of 31

Answer Stats

NbrPostNationalityPlayer% Correct
10FWBelgiumRomelu Lukaku
96%
3DFEnglandLeighton Baines
95%
6DFEnglandPhil Jagielka
93%
23DFIrelandSeamus Coleman
92%
1GKSpainJoel Robles
90%
5DFWalesAshley Williams
89%
8MFEnglandRoss Barkley
87%
11MFBelgiumKevin Mirallas
86%
17MFSenegalIdrissa Gueye
79%
16MFIrelandJames McCarthy
79%
14MFD.R. CongoYannick Bolasie
79%
9FWIvory CoastArouna Kone
77%
--CoachNetherlandsRonald Koeman
77%
19FWEcuadorEnner Valencia
76%
25DFArgentinaRamiro Funes Mori
74%
18MFEnglandGareth Barry
72%
21MFBosnia & HerzegovinaMuhamed Besic
71%
20DFCosta RicaBryan Oviedo
66%
4MFIrelandDarren Gibson
66%
26MFEnglandTom Davies
64%
7MFSpainGerard Deulofeu
63%
22GKNetherlandsMaarten Stekelenburg
63%
30DFEnglandMason Holgate
55%
12MFEnglandAaron Lennon
53%
24FWSenegalOumar Niasse
52%
15MFEnglandTom Cleverley
40%
30DFEnglandMatthew Pennington
30%
27DFEnglandTyias Browning
29%
28MFEnglandKieran Dowell
24%
68FWUruguayLeandro Rodriguez
23%
67FWEnglandConor McAleny
12%

Score Distribution

Percentile by Number Answered

Percent of People with Each Score

Your Score History

You have not taken this quiz